Electromechanical energy conversion (Record no. 7935)

000 -LEADER
fixed length control field 00468nam a22001817a 4500
001 - CONTROL NUMBER
control field 7935
003 - CONTROL NUMBER IDENTIFIER
control field BD-DhUET
008 - FIXED-LENGTH DATA ELEMENTS--GENERAL INFORMATION
fixed length control field 141214b xxu||||| |||| 00| 0 eng d
040 ## - CATALOGING SOURCE
Original cataloging agency DLC
Transcribing agency DLC
Modifying agency BD-DhUET
082 ## - DEWEY DECIMAL CLASSIFICATION NUMBER
Classification number 623.13
Item number GOU/1965
100 ## - MAIN ENTRY--PERSONAL NAME
Personal name Gourishankar, Vembu
245 ## - TITLE STATEMENT
Title Electromechanical energy conversion
250 ## - EDITION STATEMENT
Edition statement 1st ed.
260 ## - PUBLICATION, DISTRIBUTION, ETC. (IMPRINT)
Place of publication, distribution, etc. Scranton
Name of publisher, distributor, etc. International textbook
Date of publication, distribution, etc. 1965
300 ## - PHYSICAL DESCRIPTION
Extent xviii, 564p.
Other physical details ill.
650 #0 - SUBJECT ADDED ENTRY--TOPICAL TERM
Topical term or geographic name as entry element Electric machinery
942 ## - ADDED ENTRY ELEMENTS (KOHA)
Koha item type General Book
Holdings
Koha date last seen Date acquired Koha item type Not for loan Piece designation (barcode) Price effective from Location (home branch) Damaged status Shelving location Source of classification or shelving scheme Copy number Withdrawn status Koha full call number Koha normalized classification for sorting Lost status Sublocation or collection (holding branch)
2014-12-142014-12-14General Book 164942014-12-14Central Library, BUET Circulation section 1 623.13/GOU/1965623_130000000000000_GOU_1965 Central Library, BUET
2015-05-032015-05-03General Book 190142015-05-03Central Library, BUET Circulation section 2 623.13/GOU/1965623_130000000000000_GOU_1965 Central Library, BUET
2015-05-032015-05-03General Book 164932015-05-03Central Library, BUET Circulation section 3 623.13/GOU/1965623_130000000000000_GOU_1965 Central Library, BUET
2015-05-032015-05-03General Book 164922015-05-03Central Library, BUET Circulation section 4 623.13/GOU/1965623_130000000000000_GOU_1965 Central Library, BUET
2015-05-032015-05-03General Book 164962015-05-03Central Library, BUET Circulation section 5 623.13/GOU/1965623_130000000000000_GOU_1965 Central Library, BUET
2015-05-032015-05-03General Book 164952015-05-03Central Library, BUET Circulation section 6 623.13/GOU/1965623_130000000000000_GOU_1965 Central Library, BUET
2015-07-122015-07-12General Book 265242015-07-12Central Library, BUET Circulation section 7 623.13/GOU/1965623_130000000000000_GOU_1965 Central Library, BUET